Reflections (Record no. 369657)

MARC details
000 -LEADER
fixed length control field 00459nam a2200169 4500
005 - DATE AND TIME OF LATEST TRANSACTION
control field 20260101114748.0
008 - FIXED-LENGTH DATA ELEMENTS--GENERAL INFORMATION
fixed length control field 260101b |||||||| |||| 00| 0 eng d
020 ## - INTERNATIONAL STANDARD BOOK NUMBER
International Standard Book Number 978-93-5276-285-9
041 ## - LANGUAGE CODE
Language code of text/sound track or separate title English
082 ## - DEWEY DECIMAL CLASSIFICATION NUMBER
Edition number 1st
Classification number X 820 VIV
Item number B12114
100 ## - MAIN ENTRY--PERSONAL NAME
Author Vivekananda, Swami
245 ## - TITLE STATEMENT
Title Reflections
Remainder of title : Swami Vivekananda
260 ## - PUBLICATION, DISTRIBUTION, ETC.
Place of publication, distribution, etc. Noida
Name of publisher, distributor, etc. Om Books International
Date of publication, distribution, etc. 2025
300 ## - PHYSICAL DESCRIPTION
Extent 655p.
Other physical details pb
365 ## - TRADE PRICE
Price type code Rupaye
Price amount 268
Currency code INR
942 ## - ADDED ENTRY ELEMENTS (KOHA)
Koha item type Books
Holdings
Withdrawn status Lost status Source of classification or shelving scheme Damaged status Not for loan Collection code Home library Current library Date acquired Vendor Net Price Bill number Total Checkouts Full call number Barcode Date last seen Actual Price Bill Date Koha item type Original Barcode
    Dewey Decimal Classification     Non-fiction Smt. Bakul Tambat Institute of Nursing Education Smt. Bakul Tambat Institute of Nursing Education 30/12/2025 Amazon(online) 406-3637480-7345125 268.00 JPX2-817273   X 820 VIV B12114 BTIN-BK-12114 01/01/2026 268.00 14/10/2025 Books BTIN-BK-12114